[Event "Oslo Nordstrand op"]
[Site "Oslo"]
[Date "2017.04.21"]
[Round "1"]
[White "Edvardsen, Ragnar"]
[Black "Hansen, Victor"]
[Result "1-0"]
[WhiteElo "1969"]
[BlackElo "2097"]
[PlyCount "62"]
[EventDate "2017.04.21"]
[EventType "swiss"]
[EventRounds "5"]
[EventCountry "NOR"]
[SourceTitle "CBM 178 Extra"]
[Source "ChessBase"]
[SourceDate "2017.06.22"]
[SourceVersion "1"]
[SourceVersionDate "2017.06.22"]
[SourceQuality "1"]

1. e4 c6 2. d4 d5 3. exd5 cxd5 4. c4 Nf6 5. Nc3 e6 6. Nf3 Bb4 7. Bd3 dxc4 8. Bxc4 0-0 9. 0-0 b6 10. Bg5 Bb7 11. Qe2 Be7 12. Rfe1 h6 13. Bh4 Bxf3 14. Qxf3 Nbd7 15. Rad1 Qc7 16. Bb3 a6 17. Ne4 Rfc8 18. Bg3 Qd8 19. Nd6 Bxd6 20. Bxd6 Nf8 21. Be5 Ng6 22. Bxf6 gxf6 23. d5 e5 24. Qe4 Qd6 25. h4 Rc5 26. Bc2 Rac8 27. Bd3 Rxd5 28. Qg4 Rd8 29. Bxg6 fxg6 30. Qxg6+ Kf8 31. Rxd5 Qe7 1-0

[Event "Douglas PokerStars op"]
[Site "Douglas"]
[Date "2014.10.10"]
[Round "7"]
[White "Hansen, Victor"]
[Black "Efroimski, Marsel"]
[Result "1-0"]
[WhiteElo "2113"]
[BlackElo "2316"]
[PlyCount "95"]
[EventDate "2014.10.04"]
[EventType "swiss"]
[EventRounds "9"]
[EventCountry "IOM"]
[SourceTitle "CBM 162 Extra"]
[Source "ChessBase"]
[SourceDate "2014.10.17"]
[SourceVersion "1"]
[SourceVersionDate "2014.10.17"]
[SourceQuality "1"]

1. d4 d5 2. c4 e6 3. Nc3 c6 4. e3 Nf6 5. Bd3 Nbd7 6. Nf3 dxc4 7. Bxc4 b5 8. Bd3 a6 9. a4 b4 10. Ne4 c5 11. 0-0 Bb7 12. Ng3 Be7 13. Ne5 0-0 14. f4 Qb6 15. Kh1 Rfd8 16. Nc4 Qc7 17. Qe2 Bd5 18. b3 cxd4 19. exd4 Nf8 20. Be3 a5 21. Rac1 Qb7 22. f5 Re8 23. Bf4 exf5 24. Nxf5 Ng6 25. Be5 Ra6 26. Nce3 Re6 27. Nxd5 Nxd5 28. Qf3 Nxe5 29. dxe5 Bf8 30. Bc4 Rxe5 31. Rcd1 Rd8 32. Bxd5 Rexd5 33. Ne3 Rxd1 34. Qxb7 Rxf1+ 35. Nxf1 Rd1 36. Qf3 Rc1 37. g3 h5 38. Kg2 Rc2+ 39. Kh3 g6 40. Qd5 Rc5 41. Qd1 Rc3 42. Nd2 f5 43. Nc4 Bg7 44. Kg2 Kh7 45. Nxa5 h4 46. Nc4 hxg3 47. hxg3 g5 48. a5 1-0

[Event "Douglas PokerStars op"]
[Site "Douglas"]
[Date "2014.10.07"]
[Round "4"]
[White "Hansen, Victor"]
[Black "Duncan, Christopher R"]
[Result "0-1"]
[WhiteElo "2113"]
[BlackElo "2319"]
[PlyCount "138"]
[EventDate "2014.10.04"]
[EventType "swiss"]
[EventRounds "9"]
[EventCountry "IOM"]
[SourceTitle "CBM 162 Extra"]
[Source "ChessBase"]
[SourceDate "2014.10.17"]
[SourceVersion "1"]
[SourceVersionDate "2014.10.17"]
[SourceQuality "1"]

1. d4 d5 2. c4 c6 3. Nf3 Nf6 4. Nc3 dxc4 5. a4 Bf5 6. e3 e6 7. Bxc4 Bb4 8. 0-0 0-0 9. Qb3 Qe7 10. Bd2 a5 11. Ne5 Nbd7 12. Nxd7 Qxd7 13. Rad1 Rad8 14. f3 Bg6 15. Be1 Qe7 16. Bh4 Qc7 17. e4 Rd7 18. e5 Nd5 19. Ne4 Rb8 20. Nc5 Bxc5 21. dxc5 b6 22. Bxd5 cxd5 23. cxb6 Rxb6 24. Qc3 Qxc3 25. bxc3 Rc6 26. Rd4 Rxc3 27. Be1 Rc5 28. Rf2 Rb7 29. Ra2 Kf8 30. Kf2 Ke7 31. Rdd2 f6 32. Rdb2 Rxb2+ 33. Rxb2 fxe5 34. Rb7+ Kf6 35. Ra7 Rc2+ 36. Kg3 e4 37. Bxa5 e3 38. Kf4 e5+ 39. Kg3 d4 40. Bd8+ Ke6 41. Bb6 Re2 42. Ra8 d3 43. Rd8 d2 44. Bxe3 Rxe3 45. Rxd2 Ra3 46. Rb2 Rxa4 47. Rb6+ Ke7 48. Rb7+ Kf8 49. Rb8+ Be8 50. Rb7 Rd4 51. Rc7 Bf7 52. Rc8+ Ke7 53. Ra8 Kf6 54. Ra6+ Be6 55. Rb6 g5 56. h3 h5 57. Rb2 Ra4 58. Rc2 Kf5 59. Rb2 Ra3 60. Kh2 Rb3 61. Rd2 g4 62. hxg4+ hxg4 63. fxg4+ Kxg4 64. Rd6 Bf5 65. Rd8 Rb2 66. Re8 Kf4 67. Rg8 Be4 68. Rf8+ Ke3 69. Rg8 Rxg2+ 0-1

[Event "Politiken Cup 35th"]
[Site "Helsingor"]
[Date "2013.07.28"]
[Round "3"]
[White "Hansen, Victor"]
[Black "Strachan, Christian C"]
[Result "1-0"]
[WhiteElo "2089"]
[BlackElo "1873"]
[PlyCount "51"]
[EventDate "2013.07.27"]
[EventType "swiss"]
[EventRounds "10"]
[EventCountry "DEN"]
[SourceTitle "CBM 155 Extra"]
[Source "ChessBase"]
[SourceDate "2013.08.26"]
[SourceVersion "1"]
[SourceVersionDate "2013.08.26"]
[SourceQuality "1"]

1. d4 d5 2. c4 c6 3. Nc3 Nf6 4. Nf3 a6 5. e3 e6 6. Bd3 Nbd7 7. 0-0 c5 8. b3 b6 9. Bb2 Be7 10. Qc2 Bb7 11. Rad1 Qc7 12. e4 cxd4 13. Nxd4 dxc4 14. Bxc4 Rc8 15. Qe2 Nc5 16. e5 Nd5 17. Bxd5 exd5 18. Nf5 Rd8 19. Nd6+ Kf8 20. Nxd5 Bxd5 21. Rxd5 Qd7 22. Qf3 Qe6 23. Rfd1 Bxd6 24. Rxd6 Rxd6 25. Rxd6 Qe8 26. Rxb6 1-0

[Event "Maastricht Limburg op-A 7th"]
[Site "Maastricht"]
[Date "2013.05.20"]
[Round "6"]
[White "Juegel, Marcel"]
[Black "Hansen, Victor"]
[Result "1/2-1/2"]
[WhiteElo "2224"]
[BlackElo "2088"]
[PlyCount "46"]
[EventDate "2013.05.17"]
[EventType "swiss"]
[EventRounds "7"]
[EventCountry "NED"]
[SourceTitle "EXT 2014"]
[Source "ChessBase"]
[SourceDate "2013.11.20"]
[SourceVersion "1"]
[SourceVersionDate "2013.11.20"]
[SourceQuality "1"]

1. d4 d5 2. Nf3 Nf6 3. Nc3 Bf5 4. Bf4 a6 5. h3 e6 6. a3 c5 7. e3 Bd6 8. Ne5 cxd4 9. exd4 Qc7 10. g4 Bg6 11. Qe2 Nbd7 12. Bg2 Ne4 13. Nxe4 Bxe4 14. Bxe4 dxe4 15. Qxe4 Nf6 16. Qe2 Nd5 17. Bg3 Rc8 18. c4 Bxe5 19. Bxe5 Qxc4 20. Qxc4 Rxc4 21. Kd2 f6 22. Rhc1 Rxc1 23. Rxc1 Kd7 1/2-1/2

[Event "Trieste op 13th"]
[Site "Trieste"]
[Date "2011.09.10"]
[Round "9"]
[White "Hansen, Victor"]
[Black "Martinsen, Stig K"]
[Result "1/2-1/2"]
[WhiteElo "2123"]
[BlackElo "2173"]
[PlyCount "22"]
[EventDate "2011.09.03"]
[EventType "swiss"]
[EventRounds "9"]
[EventCountry "ITA"]
[SourceTitle "CBM 144 Extra"]
[Source "ChessBase"]
[SourceDate "2011.10.28"]
[SourceVersion "1"]
[SourceVersionDate "2011.10.28"]
[SourceQuality "1"]

1. e4 e6 2. d4 d5 3. Nd2 Nf6 4. e5 Nfd7 5. f4 c5 6. c3 Nc6 7. Ndf3 cxd4 8. cxd4 f5 9. exf6 Nxf6 10. Bd3 Qb6 11. Ne2 Bd6 1/2-1/2

[Event "Trieste op 13th"]
[Site "Trieste"]
[Date "2011.09.04"]
[Round "3"]
[White "Ceschia, Ivano"]
[Black "Hansen, Victor"]
[Result "1-0"]
[WhiteElo "2316"]
[BlackElo "2123"]
[PlyCount "93"]
[EventDate "2011.09.03"]
[EventType "swiss"]
[EventRounds "9"]
[EventCountry "ITA"]
[SourceTitle "CBM 144 Extra"]
[Source "ChessBase"]
[SourceDate "2011.10.28"]
[SourceVersion "1"]
[SourceVersionDate "2011.10.28"]
[SourceQuality "1"]

1. e4 c6 2. d4 d5 3. e5 c5 4. dxc5 Nc6 5. Nf3 Bg4 6. h3 Bxf3 7. Qxf3 Nxe5 8. Bb5+ Nc6 9. 0-0 e6 10. b4 Be7 11. Bb2 Bf6 12. Bxf6 Nxf6 13. Nd2 0-0 14. Bxc6 bxc6 15. Nb3 Ne4 16. Qd3 Qb8 17. a3 Rc8 18. Rfe1 a5 19. f3 Ng5 20. h4 Nh3+ 21. gxh3 Qg3+ 22. Kf1 Qxh3+ 23. Ke2 Qh2+ 24. Kd1 axb4 25. a4 Qxh4 26. Qd4 Qg3 27. Qg4 Qxg4 28. fxg4 Re8 29. g5 e5 30. Kd2 Ra6 31. a5 f5 32. gxf6 gxf6 33. Rg1+ Kf7 34. Rh1 Ke6 35. Rxh7 Rg8 36. Re1 d4 37. Nxd4+ Kd5 38. Nb3 Rg4 39. Rd7+ Kc4 40. Rf1 Rg2+ 41. Kc1 Ra8 42. Rxf6 Rh8 43. Rfd6 e4 44. Nd2+ Kxc5 45. Nxe4+ Kb5 46. Rb7+ Kc4 47. Rc7 1-0

[Event "Fagernes Norsk op-A"]
[Site "Fagernes"]
[Date "2011.04.17"]
[Round "6"]
[White "Johansen, Stian"]
[Black "Hansen, Victor"]
[Result "0-1"]
[WhiteElo "1938"]
[BlackElo "2125"]
[PlyCount "74"]
[EventDate "2011.04.17"]
[EventType "swiss"]
[EventRounds "9"]
[EventCountry "NOR"]
[SourceTitle "CBM 141 Extra"]
[Source "ChessBase"]
[SourceDate "2011.05.03"]
[SourceVersion "1"]
[SourceVersionDate "2011.05.03"]
[SourceQuality "1"]

1. d4 d5 2. c4 c6 3. Nc3 Nf6 4. Nf3 dxc4 5. e3 e6 6. Bxc4 Bb4 7. 0-0 0-0 8. Qc2 Nbd7 9. Rd1 Qe7 10. e4 e5 11. d5 Nb6 12. Bb3 Bg4 13. Be3 Rac8 14. Bxb6 axb6 15. a3 Bxf3 16. gxf3 Bc5 17. Kh1 Nh5 18. Rg1 Qh4 19. Raf1 Qh3 20. Qd1 Rcd8 21. Rg2 Rd6 22. Rfg1 Rh6 23. Qf1 Kh8 24. Ne2 Qxf3 25. Bd1 Qxe4 26. Nc3 Qh4 27. dxc6 bxc6 28. Ne2 e4 29. b4 Bd6 30. f4 Nxf4 31. Nxf4 Bxf4 32. Qe2 Rd8 33. Qb2 f6 34. Bb3 e3 35. Rd1 Rxd1+ 36. Bxd1 Qe1+ 37. Rg1 Qf2 0-1

[Event "Oberliga Baden 1011"]
[Site "Baden"]
[Date "2011.02.27"]
[Round "7.6"]
[White "Hansen, Victor"]
[Black "Vogelbacher, Georg"]
[Result "1/2-1/2"]
[WhiteElo "2113"]
[BlackElo "2140"]
[PlyCount "66"]
[EventDate "2010.10.10"]
[EventType "team-tourn"]
[EventRounds "9"]
[EventCountry "GER"]
[SourceTitle "EXT 2012"]
[Source "ChessBase"]
[SourceDate "2011.11.24"]
[SourceVersion "1"]
[SourceVersionDate "2011.11.24"]
[SourceQuality "1"]
[WhiteTeam "Dreisamtal"]
[BlackTeam "Waldshut"]
[WhiteTeamCountry "GER"]
[BlackTeamCountry "GER"]

1. d4 Nf6 2. c4 e6 3. Nc3 d5 4. Bg5 Nbd7 5. e3 Be7 6. Nf3 c6 7. Qc2 h6 8. Bh4 0-0 9. Bd3 dxc4 10. Bxc4 b5 11. Bd3 a6 12. 0-0 c5 13. Ne5 Nxe5 14. dxe5 Nd5 15. Bxe7 Qxe7 16. Ne4 c4 17. Be2 Bb7 18. Nd6 Bc6 19. Qd2 Qg5 20. f4 Nxf4 21. Bf3 Nd5 22. Qd4 Rad8 23. h4 Qe7 24. a4 Nb4 25. Bh5 Nc2 26. Qb6 Nxa1 27. Qxc6 Nb3 28. Bxf7+ Rxf7 29. Rxf7 Qxh4 30. Qc7 Qe1+ 31. Kh2 Qh4+ 32. Kg1 Qe1+ 33. Kh2 Qh4+ 1/2-1/2

[Event "Bargteheide op"]
[Site "Bargteheide"]
[Date "2010.05.14"]
[Round "4"]
[White "Carlstedt, Jonathan"]
[Black "Hansen, Victor"]
[Result "1-0"]
[WhiteElo "2388"]
[BlackElo "2121"]
[PlyCount "117"]
[EventDate "2010.05.13"]
[EventType "swiss"]
[EventRounds "7"]
[EventCountry "GER"]
[SourceTitle "CBM 136 Extra"]
[Source "ChessBase"]
[SourceDate "2010.07.02"]
[SourceVersion "2"]
[SourceVersionDate "2010.07.15"]
[SourceQuality "1"]

1. c4 c6 2. g3 d5 3. Nf3 Nf6 4. Bg2 g6 5. b3 Bg7 6. Bb2 0-0 7. 0-0 Nbd7 8. d3 Re8 9. Na3 a6 10. cxd5 cxd5 11. Qc2 b5 12. Rac1 Bb7 13. Qc7 Rb8 14. Bd4 Qxc7 15. Rxc7 Rec8 16. Rfc1 Ne8 17. Rxc8 Rxc8 18. Rxc8 Bxc8 19. Bxg7 Kxg7 20. Nd4 Bb7 21. b4 Kf6 22. f4 Nd6 23. Nac2 e6 24. Nb3 Ke7 25. Nc5 Bc8 26. Kf2 Nxc5 27. bxc5 Nb7 28. d4 Na5 29. e4 dxe4 30. Bxe4 Bb7 31. Bd3 Kd7 32. g4 f5 33. gxf5 gxf5 34. Ne3 Be4 35. Bxe4 fxe4 36. Nd1 Nc4 37. Nc3 Kc6 38. Ke2 a5 39. Nxe4 Kd5 40. Kd3 Nb2+ 41. Kc2 Nc4 42. Ng5 h6 43. Nf7 Kxd4 44. c6 Ne3+ 45. Kd2 Nd5 46. Nxh6 Ke4 47. a3 Kxf4 48. Nf7 Nc7 49. Kd3 e5 50. Nd6 a4 51. Ne4 Nd5 52. Nc3 Nc7 53. h4 Kg4 54. Ke4 Kxh4 55. Kxe5 Kg5 56. Kd6 Ne8+ 57. Ke7 Nc7 58. Kd7 Na6 59. c7 1-0

[Event "Verbandsliga Sued Baden 0910"]
[Site "Germany"]
[Date "2010.04.25"]
[Round "9.6"]
[White "Hansen, Victor"]
[Black "Bernrader Hauns, Harald"]
[Result "1-0"]
[WhiteElo "2112"]
[BlackElo "1953"]
[PlyCount "67"]
[EventDate "2009.10.11"]
[EventType "team-tourn"]
[EventRounds "9"]
[EventCountry "GER"]
[SourceTitle "EXT 2011"]
[Source "ChessBase"]
[SourceDate "2010.11.26"]
[SourceVersion "1"]
[SourceVersionDate "2010.11.26"]
[SourceQuality "1"]
[WhiteTeam "Dreisamtal"]
[BlackTeam "Iffezheim"]
[WhiteTeamCountry "GER"]
[BlackTeamCountry "GER"]

1. Nf3 d5 2. c4 d4 3. d3 Nc6 4. g3 e5 5. Bg2 f6 6. 0-0 g5 7. e3 g4 8. Nh4 Nge7 9. h3 Ng6 10. Nxg6 hxg6 11. hxg4 Qd7 12. Re1 Bb4 13. Bd2 dxe3 14. Rxe3 Bc5 15. Re1 Qxg4 16. Qxg4 Bxg4 17. b4 Bd4 18. Nc3 Nxb4 19. Ne4 Bxa1 20. Nxf6+ Kf7 21. Nxg4 Bd4 22. Bxb4 c5 23. Ba3 Ke6 24. Nxe5 Bxe5 25. f4 Rad8 26. Rxe5+ Kf6 27. Rxc5 Rh5 28. Bb2+ Ke7 29. Rc7+ Rd7 30. Bf6+ Ke8 31. Rxd7 Kxd7 32. Bxb7 Ra5 33. Be5 Rxa2 34. c5 1-0

[Event "Hastings Masters op 85th"]
[Site "Hastings"]
[Date "2010.01.04"]
[Round "8"]
[White "Hansen, Victor"]
[Black "Druckenthaner, Andreas"]
[Result "1/2-1/2"]
[WhiteElo "2113"]
[BlackElo "2296"]
[PlyCount "67"]
[EventDate "2009.12.28"]
[EventType "swiss"]
[EventRounds "9"]
[EventCountry "ENG"]
[SourceTitle "CBM 134 Extra"]
[Source "ChessBase"]
[SourceDate "2010.03.03"]
[SourceVersion "1"]
[SourceVersionDate "2010.03.03"]
[SourceQuality "1"]

1. e4 e5 2. Bc4 Nc6 3. Nc3 Nf6 4. d3 Bb4 5. a3 Bxc3+ 6. bxc3 d5 7. exd5 Nxd5 8. Qf3 Be6 9. Ne2 Qd7 10. 0-0 0-0-0 11. h3 f6 12. Bb5 Nde7 13. c4 a6 14. Ba4 Qe8 15. Be3 Qg6 16. Rab1 e4 17. Qxe4 Qxe4 18. dxe4 Bxc4 19. Rfe1 b5 20. Bb3 Bxe2 21. Rxe2 Nd4 22. Rd2 Nxb3 23. Rxd8+ Rxd8 24. cxb3 Nc6 25. Kf1 Re8 26. f3 f5 27. Re1 fxe4 28. Bf2 Na5 29. Re3 c5 30. Be1 Nb7 31. fxe4 Nd6 32. e5 Nf5 33. Rc3 Rxe5 34. Bf2 1/2-1/2

[Event "Hastings Masters op 85th"]
[Site "Hastings"]
[Date "2010.01.03"]
[Round "7"]
[White "Getz, Nicolai"]
[Black "Hansen, Victor"]
[Result "1/2-1/2"]
[WhiteElo "2270"]
[BlackElo "2113"]
[PlyCount "60"]
[EventDate "2009.12.28"]
[EventType "swiss"]
[EventRounds "9"]
[EventCountry "ENG"]
[SourceTitle "CBM 134 Extra"]
[Source "ChessBase"]
[SourceDate "2010.03.03"]
[SourceVersion "1"]
[SourceVersionDate "2010.03.03"]
[SourceQuality "1"]

1. d4 d5 2. c4 c6 3. Nf3 Nf6 4. Nc3 dxc4 5. a4 Bf5 6. Ne5 e6 7. f3 Nfd7 8. e4 Nxe5 9. dxe5 Qxd1+ 10. Kxd1 Bg6 11. Bxc4 Nd7 12. Bf4 Bc5 13. Ke2 Bd4 14. Rad1 Bxe5 15. Rxd7 Bxf4 16. Rxb7 Rb8 17. Rxb8+ Bxb8 18. g3 h5 19. Nd1 h4 20. gxh4 Ke7 21. Nf2 Rd8 22. h3 Rd4 23. Rc1 Bg3 24. Nd3 f5 25. Nb4 Rd6 26. Bd3 fxe4 27. fxe4 Be8 28. Rc5 Rd4 29. Nxc6+ Bxc6 30. Rxc6 Rxa4 1/2-1/2

[Event "Hastings Masters op 85th"]
[Site "Hastings"]
[Date "2010.01.01"]
[Round "5"]
[White "Giffard, Nicolas"]
[Black "Hansen, Victor"]
[Result "1-0"]
[WhiteElo "2351"]
[BlackElo "2113"]
[PlyCount "126"]
[EventDate "2009.12.28"]
[EventType "swiss"]
[EventRounds "9"]
[EventCountry "ENG"]
[SourceTitle "CBM 134 Extra"]
[Source "ChessBase"]
[SourceDate "2010.03.03"]
[SourceVersion "1"]
[SourceVersionDate "2010.03.03"]
[SourceQuality "1"]

1. Nf3 d5 2. g3 Nf6 3. Bg2 g6 4. c4 c6 5. Na3 Bg7 6. 0-0 0-0 7. d3 Re8 8. Qc2 e5 9. e4 d4 10. c5 b5 11. cxb6 axb6 12. Nc4 Nh5 13. b4 Ba6 14. Bg5 Qc7 15. a4 h6 16. Bd2 Nd7 17. Rfc1 Rac8 18. Qb1 Qb8 19. b5 Bb7 20. Bh3 Nhf6 21. Nxb6 Nxb6 22. Bxc8 Bxc8 23. a5 Na8 24. b6 Ba6 25. Rxc6 Qb7 26. Rc1 Bf8 27. Ne1 Nd7 28. Bb4 f5 29. f3 Nf6 30. Qb3+ Kg7 31. Bxf8+ Rxf8 32. Qe6 Re8 33. Qc6 Qf7 34. Rab1 Rb8 35. Qd6 Re8 36. Rb2 fxe4 37. dxe4 Nxe4 38. Qb4 Nc3 39. Rxc3 dxc3 40. Qxc3 Kh7 41. Qb3 Bc4 42. Qb4 Rb8 43. Qd6 Rb7 44. Qxe5 Re7 45. Qc3 Ba6 46. Qb4 Qe6 47. Ng2 Bb7 48. Rf2 Rd7 49. Nf4 Qe3 50. Qb1 Rd6 51. Kg2 Qc3 52. a6 Qc6 53. axb7 Qxb7 54. h4 Rxb6 55. Qd3 Kg7 56. h5 gxh5 57. Nxh5+ Kg8 58. Qd8+ Kf7 59. Qh8 Qa6 60. Rd2 Rd6 61. Qg7+ Ke8 62. Qe5+ Kd7 63. Nf6+ Kc7 1-0